00445nam a2200145Ia 4500008004100000020001000041040001700051041001200068082001600080100001500096245008200111260004100193300001600234500004900250230917s9999||||xx |||||||||||||| ||und|| cRS795 e218973aMAIN aEnglish a363.325 U1I aUday Kumar 0aIndian Mujaheedin and SIMI: A fact and profile of home grown jehadi terrorist aNew DelhibLucky Internationalc2003 avii, 223 p. a1631 21/08/2014 IBS76 22/08/2014 Main Budget